000 00252nam a22001217a 4500
003 SGT
082 _a370
_bBOR
100 _aBORDEN, GLORIA J.
245 _aSPEECH SCIENCE PRIMER
260 _aBOSTEN
_bALLYN
_c2000
300 _a258
942 _2ddc
_cBK
999 _c17765
_d17765